000 00629nam a22002177a 4500
003 UA-OsUOA
001 36570
007 ta
008 20061005b un ||||| |||| 00| 0 ukr d
090 _a050
942 _cNP
040 _aUA-OsUOA
_bukr
_cUA-OsUOA
_dUA-OsUOA
245 _aШлях перемоги.
955 _a1
041 _aukr
080 _a050
260 _c2006
310 _a2006: Ч.40 (2730); Ч. 36.
650 7 _a050 Серійні публікації. Періодика галузі, Організація та інші типи поєднання (співробітництва)
_2UDC
999 _c435099
_d435099